000 01919nam a22001577a 4500
999 _c514449
_d514449
008 201102b ||||| |||| 00| 0 eng d
100 _aComwall, Own, T.A.
_920812
245 _aAlexander and the astrolabe in persianate India: imagining empire in the Delhi sultanate
260 _aThe Indian Economic and Social History Review
300 _a57(2), Apr-Jun, 2020: p.229-259
520 _aThis article is about the historical memory of Alexander the Great in the Delhi Sultanate and how his figure was emblematic of a trans-regional Persianate culture. Amir Khusraus largely overlooked Persian epic Äi sikandar (The Mirror of Alexander) (1302) depicts Alexander the Great as an exemplary Persian emperor who reused material cultures from around the world to produce inventions such as his eponymous mirror and the astrolabe. Through Alexander, Khusrau envisions the Persian emperor as an agent of trans-cultural patronage, reuse and repurpose. Roughly 60 years after Khusrau’s death, the poet’s theory of Alexander’s Persianate material patronage was put into practice by the Delhi Sultan Firuz Shah Tughluq (r. 1351–88), who claimed to have discovered Alexander’s astrolabe and then used the instrument to adorn the Delhi-Topra pillar, the centrepiece of his new capital Firuzabad. Citations of Khusrau’s epic in a contemporary chronicle help us see how Khusrau’s imagination of ancient Persian Empire framed a practice of organising different styles of material culture into an imperial bricolage. The article concludes with some implications of this research for defining Persianate culture in general.- Reproduced
650 _aAlexander the great; Persianate culture; Amir Khusrau; Astrolabe; Delhi sultanate; Firuz shah tughluq; Topra pillar;
_919134
773 _aThe Indian Economic and Social History Review
906 _aHISTORY - INDIA
942 _cAR